| 000 | 00707cam a2200217 4500 | ||
|---|---|---|---|
| 005 | 20231127150239.0 | ||
| 008 | | mx gr 00| 0 spa|d | ||
| 020 | _a9682316561 | ||
| 050 | 0 | 4 |
_aF1408.3 _bC85 1990 |
| 245 | 0 | 0 |
_aCultura y política en América Latina _c / coordinado por Hugo Zemelman. |
| 250 | _a1a ed. | ||
| 260 |
_aMéxico : _bSiglo XXI : _bUniversidad de las Naciones Unidas, _c1990 |
||
| 300 |
_a378 p. ; _c23 cm. |
||
| 440 | 0 | _a | |
| 490 | 0 | _aBiblioteca América Latina : actualidad y perspectivas | |
| 504 | _aIncluye bibliografías | ||
| 650 | 4 | _aCultura política | |
| 651 | 4 |
_aAmérica Latina _xCivilización |
|
| 700 | 1 |
_aZemelman, Hugo, _ecoordinador |
|
| 942 |
_2lcc _cLIB |
||
| 999 |
_c62306 _d62306 |
||